|
|
|
|
| LEADER |
01405nam a2200361 a 4500 |
| 001 |
000326799 |
| 003 |
CZ BrMZK |
| 005 |
20110622204859.0 |
| 007 |
ta |
| 008 |
980115s1998 xr f cze d |
| 015 |
|
|
|a cnb000365994
|
| 020 |
|
|
|a 80-86056-40-6
|
| 035 |
|
|
|a (OCoLC)40089000
|
| 040 |
|
|
|a BOA001
|b cze
|
| 080 |
|
|
|a 519.682 Visual Basic
|2 MRF
|
| 080 |
|
|
|a 681.3.06 Visual Basic
|2 MRF
|
| 100 |
1 |
|
|a Čihák, Jan
|7 mzk2010581335
|
| 245 |
1 |
0 |
|a Visual Basic :
|b sbírka řešených příkladů /
|c Jan Čihák, Lucie Knejpová, Lucie Pelikánová
|
| 250 |
|
|
|a 1. vyd.
|
| 260 |
|
|
|a Praha :
|b BEN - technická literatura,
|c 1998
|
| 300 |
|
|
|a 207 s. :
|b il. ;
|c 21 cm
|
| 500 |
|
|
|a Ke knize vydána 1 disketa: sig=DIS-1046.642, DIS-0264.076
|
| 500 |
|
|
|a Dostupné též v digitální podobě v aplikaci Kramerius
|
| 653 |
0 |
|
|a Visual Basic
|
| 700 |
1 |
|
|a Knejpová, Lucie
|4 aut
|
| 700 |
1 |
|
|a Pelikánová, Lucie
|4 aut
|
| 856 |
4 |
1 |
|u http://www.digitalniknihovna.cz/mzk/uuid/uuid:89159c50-b3ff-11ec-8353-005056827e51
|y Digitalizovaný dokument
|x NDK
|
| 910 |
|
|
|a BOA001
|b 2-1046.634
|b TK-0264.075
|
| 920 |
|
|
|a 000358396
|
| 964 |
|
|
|a Visual Basic
|x příručky
|
| 990 |
|
|
|a BK
|
| 996 |
6 |
|
|b 2610073232
|c 2-1046.634
|l MZK
|r Sklad / do 1 hodiny
|n 22
|p p.v.
|w 000326799
|u 000010
|a 1
|e BOA001
|j MZK50
|s P
|
| 996 |
7 |
|
|b 2620012557
|c TK-0264.075
|l MZK
|r Sklad / do 24 hodin
|n 2
|p kup
|w 000326799
|u 000020
|a 1
|e BOA001
|j MZK50
|s A
|